A Treatise On Private International Law / (Record no. 59963)
[ view plain ]
| 000 -LEADER | |
|---|---|
| fixed length control field | 00912nam a2200301 i 4500 |
| 003 - CONTROL NUMBER IDENTIFIER | |
| control field | EG-GICUC |
| 005 - DATE AND TIME OF LATEST TRANSACTION | |
| control field | 20260128150112.0 |
| 008 - FIXED-LENGTH DATA ELEMENTS--GENERAL INFORMATION | |
| fixed length control field | 260128s1905 uk ||||fr ||| 00| 0 eng d |
| 040 ## - CATALOGING SOURCE | |
| Original cataloging agency | EG-GICUC |
| Transcribing agency | EG-GICUC |
| Modifying agency | EG-GICUC |
| Description conventions | rda |
| Language of cataloging | eng |
| 041 0# - LANGUAGE CODE | |
| Language code of text/sound track or separate title | eng |
| 082 04 - DEWEY DECIMAL CLASSIFICATION NUMBER | |
| Edition number | 21 |
| Classification number | 341.8 |
| Item number | WE . T |
| 092 04 - LOCALLY ASSIGNED DEWEY CALL NUMBER (OCLC) | |
| Edition number | 21 |
| 099 ## - LOCAL FREE-TEXT CALL NUMBER (OCLC) | |
| Classification number | Law1 12 341.8 WE . T 1905 |
| 100 1# - MAIN ENTRY--PERSONAL NAME | |
| Personal name | Westlake,John |
| Relator term | Author. |
| 245 12 - TITLE STATEMENT | |
| Title | A Treatise On Private International Law / |
| Statement of responsibility, etc. | John Westlake . |
| 250 ## - EDITION STATEMENT | |
| Edition statement | 4 ed |
| 264 #0 - PRODUCTION, PUBLICATION, DISTRIBUTION, MANUFACTURE, AND COPYRIGHT NOTICE | |
| Place of production, publication, distribution, manufacture | London : |
| Name of producer, publisher, distributor, manufacturer | Sweet&Max Limited , |
| Date of production, publication, distribution, manufacture, or copyright notice | 1905 . |
| 300 ## - PHYSICAL DESCRIPTION | |
| Extent | 437 Pages ; |
| Dimensions | 30 cm. |
| 336 ## - CONTENT TYPE | |
| Content type term | text |
| Source | rda content |
| 337 ## - MEDIA TYPE | |
| Media type term | Computer |
| Source | rda media |
| 338 ## - CARRIER TYPE | |
| Carrier type term | Online Resource |
| Source | rda carrier |
| 546 ## - LANGUAGE NOTE | |
| Language note | Text in English |
| 650 04 - SUBJECT ADDED ENTRY--TOPICAL TERM | |
| Topical term or geographic name entry element | Private international law |
| 700 1# - ADDED ENTRY--PERSONAL NAME | |
| Personal name | Topham,Alfred Frank |
| Relator term | Contributor |
| 856 ## - ELECTRONIC LOCATION AND ACCESS | |
| Uniform Resource Identifier | <a href="https://fll.law.cu.edu.eg/fulltext/th/B12-02202.pdf">https://fll.law.cu.edu.eg/fulltext/th/B12-02202.pdf</a> |
| 905 ## - Cataloger and Reviser Names | |
| Cataloger Name: | Logain Ashraf |
| 942 ## - ADDED ENTRY ELEMENTS (KOHA) | |
| Source of classification or shelving scheme | Dewey Decimal Classification |
| Koha item type | Books |
| Edition | 21 |
| Suppress in OPAC | No |
| Withdrawn status | Lost status | Source of classification or shelving scheme | Damaged status | Not for loan | Collection | Home library | Current library | Date acquired | Total checkouts | Full call number | Barcode | Date last seen | Copy number | Price effective from | Koha item type |
|---|---|---|---|---|---|---|---|---|---|---|---|---|---|---|---|
| Dewey Decimal Classification | Not for loan | القانون الدولي الخاص | جــــامعة القــاهرة | مكتبة كلية الحقوق - المبنى الرئيسي | 28.01.2026 | Law1 12 341.8 WE . T 1905 1202202 C1 | B12-02202 | 28.01.2026 | 1 | 28.01.2026 | Books | ||||
| Dewey Decimal Classification | القانون الدولي الخاص | جــــامعة القــاهرة | مكتبة كلية الحقوق - المبنى الرئيسي | 28.01.2026 | Law1 12 341.8 WE . T 1905 1202205 C2 | B12-02205 | 28.01.2026 | 2 | 28.01.2026 | Books |